Regionalisme i federalisme / Lluís Duran i Ventosa ; pròleg d'Enric Prat de la Riba ; a cura de Francesc de Carreras
Descripción Física:
XLIV, 272 p. ; 20 cm
MARC
| LEADER | 00000nam a2200000Ia 4500 | ||
|---|---|---|---|
| 001 | 10317 | ||
| 008 | 160829s1993 xx 000 0 cat d | ||
| 080 | |a M-2-251 | ||
| 100 | 1 | |a Duran i Ventosa, Lluís, |d 1870-1954 |9 24177 | |
| 245 | |a Regionalisme i federalisme / Lluís Duran i Ventosa ; pròleg d'Enric Prat de la Riba ; a cura de Francesc de Carreras | ||
| 260 | |a Barcelona : |b la Magrana : |b Diputació de Barcelona, |c 1993 | ||
| 300 | |a XLIV, 272 p. ; |c 20 cm | ||
| 490 | |a Biblioteca dels Clàssics del Nacionalisme Català ; 29 | ||
| 650 | |a Federalisme |9 33466 | ||
| 650 | 0 | |a Nacionalisme |z Catalunya |9 11008 | |
| 700 | |a Prat de la Riba, Enric, |d 1870-1917 |e pròleg |9 25299 | ||
| 700 | |a Carreras, Francesc de, ed. |9 32731 |e editor | ||
| 901 | |a Arxiu | ||
| 942 | |n 1 |2 udc | ||
| 952 | |0 0 |1 0 |4 0 |6 M2251 |7 1 |9 46083 |a Arxiu |b Arxiu |d 2016-12-01 |l 0 |o M-2-251 |p 10317 |r 2016-12-01 00:00:00 |w 2016-12-01 |y ARXIU | ||
| 999 | |c 49585 |d 49585 | ||